000 00568nam a2200205Ia 4500
003 IIN
005 20240202144346.0
008 231217s9999 xx 000 0 und d
020 _cRs.395.00
_a9788193538937
040 _aIIN
_bEnglish
082 _a615.1
_bGAR
100 1 _aGarg, Gobind Rai
245 1 _aSimplified Pharmacology:
_b A Helping Aid for Exams
_cGobind Rai Garg and Sparsh Gupta
250 _a2nd ed
260 _bAyush
_aNew Delhi
_c2019
300 _a"xxii[1], 1-427 p."
650 1 _aPharmacology
700 1 _aGupta , Sparsh
942 _cBOOK
999 _c802
_d802